000 00483nam a22001817a 4500
003 MPLRDC
005 20220104113900.0
008 210129b ||||| |||| 00| 0 eng d
020 _a962-447-198-3
082 _a848.3 LFY-3 v.11
100 _a梁凤仪及勤加缘编委会编著
245 _a海峡两岸的梁凤仪
_c
260 _a
_b勤加缘出版社
_c1992
300 _b
490 _a梁凤仪散文系列;11
650 _a现代别集
942 _cBK
_o848.3 LFY-3 v.11
999 _c3095
_d3085